| 000 | 00000nam##2200000za#4500 |
| 001 | 9.693388 |
| 003 | CaOODSP |
| 005 | 20220901140051 |
| 007 | cr ||||||||||| |
| 008 | 150407|2010||||xxc|||||o f|0| 0 eng|d |
| 020 | |a978-1-100-15692-7 |
| 040 | |aCaOODSP|beng |
| 043 | |an-cn--- |
| 086 | 1 |aJ2-360/2010E-PDF |
| 110 | 1 |aCanada.|bJustice Canada. |
| 245 | 10|aWe are justice |h[electronic resource] |
| 260 | |aOttawa - Ontario : |bJustice Canada |cJune 2010. |
| 300 | |a14p.|bphotographs |
| 520 | 3 |aShowcases some of the interesting and diverse work of Department of Justice employees. |
| 590 | |a12-25-Supp|b2012-06-04 |
| 690 | 07|aJustice system|2gcpds |
| 775 | 08|tJustice, c'est nous |w(CaOODSP)9.637565 |
| 776 | 0#|tWe are justice |w(CaOODSP)9.672253 |
| 776 | 0#|tJustice, c'est nous |w(CaOODSP)9.672254 |
| 856 | 40|ahttp://publications.gc.ca|qPDF|s2.51 MB|uhttps://publications.gc.ca/collections/collection_2012/jus/J2-360-2010-eng.pdf |